Sentimental men : masculinity and the politics of affect in American culture

Αποθηκεύτηκε σε:
Λεπτομέρειες βιβλιογραφικής εγγραφής
Άλλοι συγγραφείς: Chapman, Mary 1962- (Επιμελητής έκδοσης), Hendler, Glenn 1962- (Επιμελητής έκδοσης)
Μορφή: Βιβλίο
Γλώσσα:English
Δημοσίευση: Berkeley, Calif : University of California Press, c1999
Θέματα:
Ετικέτες: Προσθήκη ετικέτας
Δεν υπάρχουν, Καταχωρήστε ετικέτα πρώτοι!

MARC

LEADER 00000nam a2200000 i 4500
001 1/78076
008 080320s1999 eng d
020 |a 0-520-21622-9 
035 |l 10095644 
040 |a GR-MY-UA  |b gre  |e aacr 
041 0 |a eng 
082 0 |a 810.9353  |2 (22) 
245 1 0 |a Sentimental men :  |b masculinity and the politics of affect in American culture /  |c Mary Chapman and Glenn Hendler editors 
260 |a Berkeley, Calif :   |b University of California Press,   |c c1999 
300 |a ix, 288 σ.;  |b εικ.;  |c 23 εκ. 
504 |a Περιέχει βιβλιογραφικές παραπομπές και ευρετήριο 
650 0 0 |a American literature  |x Male authors  |x History and criticism. 
650 0 0 |a Men  |z United States  |x Psychology. 
650 0 0 |a Sentimentalism in literature. 
650 0 0 |a Masculinity in literature. 
650 0 0 |a Sex role in literature. 
650 0 0 |a Emotions in literature. 
650 0 0 |a Men in literature. 
700 1 |a Chapman, Mary  |d 1962-  |4 edt 
700 1 |a Hendler, Glenn  |d 1962-  |4 edt 
852 |a INST  |b LESVOS  |e 20080320  |h 810.9353 SEN  |p 005100038734  |q 005100038734  |t BK  |y 0 
901 |a BIBL1-2008-1 
909 |a Λ  |b 143066 
922 |a 1ΕΛΗ  |b 200712  |c ΕΠΕΑΕΚ2/ΤΚΑ  |d ΠΑΠΑΣΩΤΗΡΙΟΥ 
970 |a ΓΙΑΛΑΜΑ  |b ΜΑΡΙΑ  |z 2008/03/20